Structures Fill in the Blanks - Statistics

General Stats
  • This quiz has been taken 14 times
  • The average score is 12 of 15
Answer Stats
Hint Answer % Correct
Golden Gate ______ Golden Gate Bridge
100%
The Eiffel _____ The Eiffel Tower
100%
The Empire State ________ The Empire State Building
100%
The White _____ The White House
100%
Buckingham ______ Buckingham Palace
92%
Madison Square ______ Madison Square Garden
92%
Harvard __________ Harvard University
77%
Hoover ___ Hoover Dam
77%
The ___ de Triumph The Arc de Triumph
77%
Tiananmen ______ Tiananmen Square
77%
Windsor ______ Windsor Castle
77%
Hyde ____ Hyde Park
69%
The Channel ______ The Channel Tunnel
62%
_______ of Congress Library of Congress
46%
Chernobyl _______ _____ Chernobyl Nuclear Plant
38%
No matching quizzes found
Score Distribution
Percent of People with Each Score
Percentile by Number Answered
Your Score History
You have not taken this quiz